Qira'at Hafs : satu kajian fonetik /
محفوظ في:
| المؤلف الرئيسي: | |
|---|---|
| التنسيق: | أطروحة كتاب |
| اللغة: | Malay |
| منشور في: |
2006.
|
| الموضوعات: | |
| الوسوم: |
إضافة وسم
لا توجد وسوم, كن أول من يضع وسما على هذه التسجيلة!
|
| LEADER | 01122cam a2200289 a 4500 | ||
|---|---|---|---|
| 001 | u726732 | ||
| 003 | SIRSI | ||
| 005 | 200608241609 | ||
| 008 | 060824s2006 my t 000 0 may m | ||
| 040 | |a UMM |d UMB | ||
| 090 | |a PB12 |b UM 2006 Zahr | ||
| 093 | |a PB12 |b UM 2006 Zahr | ||
| 100 | 0 | 0 | |a Zaharom Ridzwan. |
| 245 | 1 | 0 | |a Qira'at Hafs : |b satu kajian fonetik / |c Zaharom bin Ridzwan. |
| 260 | |c 2006. | ||
| 300 | |a xv, 115 leaves : |b ill. ; |c 30 cm. | ||
| 502 | |a Dissertation (M.M.L.S.) -- Fakulti Bahasa dan Linguistik, Universiti Malaya, 2006. | ||
| 504 | |a Bibliography: leaves 102-112. | ||
| 600 | 1 | 0 | |a Hafs ibn Sulayman, |d ca. 709-796 or 7 |
| 630 | 0 | 0 | |a al-Qur'an |x Readings. |
| 630 | 0 | 0 | |a al-Qur'an |x Language, style. |
| 650 | 0 | |a Arabic language |x Phonetics. | |
| 710 | 2 | 0 | |a Universiti Malaya. |b Fakulti Bahasa dan Linguistik. |
| 900 | |a JAR | ||
| 596 | |a 1 6 | ||
| 999 | |a PB12 UM 2006 ZAHR |w LC |c 1 |i A512589729 |d 28/10/2013 |e 28/10/2013 |f 10/10/2006 |g 1 |l STACKS |m P06BAHASA |n 1 |r Y |s Y |t TESIS |u 10/10/2006 | ||
| 999 | |a PB12 UM 2006 ZAHR |w LC |c 1 |i A512737505 |d 8/6/2018 |e 8/6/2018 |f 16/2/2007 |g 1 |l STACKS |m P01UTAMA |n 8 |r Y |s Y |t TESIS |u 16/2/2007 | ||
